000 00278nam a2200121Ia 4500
008 191206s9999 xx 000 0 und d
090 _aPA6047.H5
245 0 _aPoets in a landscape
250 _a[1st ed.]
260 _aKnopf
260 _cc1957
300 _a267 p. illus. 25 cm.
999 _c16700
_d16700